| 000 | 00603nam a2200229Ia 4500 | ||
|---|---|---|---|
| 003 | OSt | ||
| 005 | 20221007072225.0 | ||
| 006 | a|||||r|||| 00| 0 | ||
| 007 | ta | ||
| 008 | 221006b |||||||| |||| 00| 0 eng d | ||
| 024 | _a11,101 | ||
| 037 | _cTextual | ||
| 040 |
_aFLL _cFLL _beng |
||
| 041 |
_2eng _aeng |
||
| 082 | _aV1:1.N7, L7 | ||
| 100 |
_aNagal S.S. Ed. _9690296 |
||
| 245 | 0 | _aPolicy studies review annual | |
| 260 |
_aLondon _bSage Publications London _c1977 |
||
| 300 |
_a703p _ccm. |
||
| 942 |
_hV1:1.N7, L7 _cTEXL _2CC |
||
| 999 |
_c1145473 _d1145473 |
||